000 00587nam a22001937a 4500
003 CEME
005 20221202161230.0
008 210210b xxu||||| |||| 00| 0 eng d
020 _a0-201-53299-9
040 _c.
082 _a515.15 THO
100 _aThomas, George B Finney, Ross.L Cochran, Thomas.L
_956349
245 _aCalculus and analytic geometry by thomas and finney instructor's solutions manual part 2
250 _a8TH
260 _aNEW YORK
_bASSISON-WESLEY
_c1995
300 _a544P
650 _aSOLUTION MANUAL.CALCULUS ANALYTIC GEOMETRY
_980153
942 _cBK
_2ddc
999 _c585123
_d585123